Statistiques concernant Quizz Antiquité #02

Cliquez ici pour prendre le quiz!

Statistiques générales

  • Ce quiz a été pris 131 fois
  • Le résultat moyen est 5 sur 10

Statistiques - réponses

QuestionRéponse% Correct
Quel proche de l’empereur Auguste est passé à la postérité pour avoir consacré sa fortune à encourager les arts et les lettres.Mécène
78%
Sous quel nom connaît-on mieux l’amphithéâtre Flavien à Rome ?Le Colisée
76%
Comment est mort Archimède (vers 287- 212 avant J.-C.), considéré comme le plus grand savant du monde antique ?Tué lors de la prise de Syracuse, sa ville natale, par les Romains
69%
Selon la tradition chrétienne, quel apôtre du Christ est mort crucifié dans un des cirques de Rome ?Pierre
50%
Au milieu du Vème siècle avant J.-C., sur 400 000 habitants, les citoyens libres représentaient à Athènes environ:10% de la population
48%
« Les vies parallèles » sont l’ouvrage le plus connu du penseur grec Plutarque (vers 46-125); il s’agit:Des biographies d’hommes illustrés de la Grèce et de Rome
48%
Qui a dit « Une vie sans examen ne vaut pas la peine d’être vécue » ?Socrate
48%
Quelles paroles aurait prononcées l’empereur romain Néron, condamné à mort par le Sénat, juste avant de se suicider ?« Quel artiste meurt avec moi ! »
47%
Qui a sculpté la statue d’Aphrodite nue qui a fait la renommée de la cité de Cnide, ville portuaire d’Asie Mineure ?Praxitèle
38%
Dans quelle comédie d’Aristophane, les femmes font-elles la « grève du sexe » pour arrêter la guerre ?Lysistrata
22%

Distribution des résultats

Percentile par nombre de réponses

% des personnes avec chaque résultat

Votre développement - résultats

Vous n’avez pas pris ce quiz